SCBG 80th (Registro nro. 18970)

Detalles MARC
000 -CABECERA
Campo de control 00814nam a22002417a 4500
005 - FECHA Y HORA DE LA ULTIMA TRANSACCION
Campo de control 20160822121635.0
008 - ELEMENTOS DE LONGITUD FIJA—INFORMACION GENERAL
Campo de control 160822b2009 cc ao|||d|||| 00| 0 chi d
040 ## - FUENTE DE CATALOGACIÓN
Agencia catalogadora original CO-BoIAVH
Agencia transcriptora CO-BoIAVH
041 1# - IDIOMA
Código de idioma para texto/pista de sonido o título separado Inglés
044 ## - PAÍS DE PUBLICACIÓN
País de publicación China
082 04 - NUMERO DE CLASIFICACION DECIMAL DEWEY
Número de clasificación 580.73
Número del ítem S28g
245 00 - MENCION DE TITULO
Título SCBG 80th
246 1# - FORMA VARIANTE DEL TITULO
Título propiamente dicho/forma breve del título South China Botanical Garden, CAS
260 ## - PUBLICACION, DISTRIBUCION, ETC. (PIE DE IMPRENTA)
Lugar de publicación, distribución, etc. [China?]:
Nombre del editor, distribuidor, etc. South China Botanical Garden, CAS,
Fecha de publicación, distribución, etc. 2009.
300 ## - DESCRIPCION FISICA
Extensión 119 páginas :
Otros detalles físicos ilustraciones y fotografías a color ;
Dimensiones 26 x 38 cm.
610 20 - ASIENTO SECUNDARIO DE MATERIA - NOMBRE CORPORATIVO
Nombre corporativo o nombre de la jurisdicción como elemento de entrad South China Botanical Garden, CAS
9 (RLIN) 74562
650 26 - ASIENTO SECUNDARIO DE MATERIA - TERMINO TEMATICO
Término temático o nombre geográfico como elemento de entrada Jardínes botánicos
Subdivisión geográfica China
9 (RLIN) 74563
650 26 - ASIENTO SECUNDARIO DE MATERIA - TERMINO TEMATICO
Término temático o nombre geográfico como elemento de entrada Plantas
Subdivisión general Taxonomía
Subdivisión geográfica China
9 (RLIN) 74564
650 26 - ASIENTO SECUNDARIO DE MATERIA - TERMINO TEMATICO
Término temático o nombre geográfico como elemento de entrada Plantas
Subdivisión general conservación ex situ
Subdivisión geográfica China
9 (RLIN) 74565
650 26 - ASIENTO SECUNDARIO DE MATERIA - TERMINO TEMATICO
Término temático o nombre geográfico como elemento de entrada Flora
Subdivisión geográfica China
9 (RLIN) 74566
710 2# - ASIENTO SECUNDARIO - NOMBRE CORPORATIVO
Nombre corporativo o de jurisdicción como elemento de entrada South China Botanical Garden, CAS
9 (RLIN) 74562
942 ## - ELEMENTOS ADICIONALES (KOHA)
Sistema de clasificación Dewey Decimal Classification
Tipo de ítem Libro
Existencias
Withdrawn status Lost status Sistema de Clasificación Damaged status No para préstamo Colección Inventariado Ubicación Permanente Ubicación actual Fecha de adquisición Fuente de Valor Valor Total Checkouts Número topográfico Inventario / Código de Barras Date last seen Ejemplar Price effective from Forma de adquisición Tipo de material
    Dewey Decimal Classification     General Inventariado 2017 Bogotá Bogotá 22/08/2016 Instituto 39000.00   LB-580.73 S28g 040614 22/08/2016 Ej. 1 22/08/2016 Donación Libro